000 00881nam a2200265Ia 4500
003 OSt
005 20220918170718.0
006 a|||||r|||| 00| 0
007 ta
008 220917b |||||||| |||| 00| 0 eng d
020 _a9780415681865 (hbk)
_c8230.39
024 _a280,662
037 _bBBS/10150, 14/03/2014, Better Book Services
_cTextual
040 _aARTS
_cARTS
_beng
041 _2eng
_aeng
082 _aV1:19.P, Q3
100 _aBudd Adrian
_930560
245 0 _aClass, states and international relations
_b A critical appraisal of robert cox and neo-gramscian theory
260 _aLondon
_bRoutledge UK
_c2013
300 _ax, 213p.
_ccm.
490 _aRoutledge innovations in political theory
650 _aHISTORY
942 _hV1:19.P, Q3
_cTEXL
_2CC
999 _c135296
_d135296